[Event "RUS-chT B2 corr"]
[Site "Russia"]
[Date "1996.??.??"]
[Round "?"]
[White "Bobrov, Vladimir Nikolaevic"]
[Black "Gurianov, Vladimir"]
[Result "1-0"]
[WhiteElo "2548"]
[BlackElo "2267"]
[PlyCount "69"]
[EventDate "1996.??.??"]
[EventType "team-tourn (corr)"]
[EventRounds "18"]
[EventCountry "RUS"]
[SourceTitle "Corr 2011"]
[Source "ChessBase"]
[SourceDate "2010.08.31"]
[SourceVersion "1"]
[SourceVersionDate "2010.08.31"]
[SourceQuality "1"]

1. e4 c5 2. Nf3 d6 3. d4 cxd4 4. Nxd4 Nf6 5. Nc3 g6 6. Be3 Bg7 7. Be2 Nc6 8. 0-0 0-0 9. Qd2 Bd7 10. Nb3 Rc8 11. f4 a6 12. Bf3 Bg4 13. e5 dxe5 14. fxe5 Nxe5 15. Bxb7 Nc4 16. Qxd8 Rcxd8 17. Bc5 Rfe8 18. Bxa6 Nxb2 19. Rab1 Nd5 20. Nxd5 Rxd5 21. Ba3 Ra8 22. Bb7 Rxa3 23. Bxd5 e6 24. Bf3 Bf5 25. Rf2 g5 26. Rd2 Rxa2 27. Nc1 Ra3 28. Rd8+ Bf8 29. Rxb2 Kg7 30. Nd3 Be7 31. Rd7 Bf6 32. Rbb7 Bg6 33. Kf1 h5 34. Rxf7+ Bxf7 35. Bxh5 1-0

[Event "RUS-chT B2 corr"]
[Site "Russia"]
[Date "1996.??.??"]
[Round "?"]
[White "Gurianov, Vladimir"]
[Black "Nikitin, Gennady Sergeevich"]
[Result "0-1"]
[WhiteElo "2267"]
[BlackElo "2367"]
[PlyCount "82"]
[EventDate "1996.??.??"]
[EventType "team-tourn (corr)"]
[EventRounds "18"]
[EventCountry "RUS"]
[SourceTitle "Corr 2011"]
[Source "ChessBase"]
[SourceDate "2010.08.31"]
[SourceVersion "1"]
[SourceVersionDate "2010.08.31"]
[SourceQuality "1"]

1. d4 Nf6 2. c4 c5 3. d5 b5 4. cxb5 a6 5. e3 g6 6. Nc3 Bg7 7. a4 0-0 8. Nf3 Bb7 9. Be2 e6 10. dxe6 fxe6 11. 0-0 axb5 12. Bxb5 d5 13. Ne2 Ba6 14. Bd2 Qd6 15. Bc3 Nbd7 16. Ng3 Qb6 17. Qe2 Rfb8 18. h4 Bxb5 19. axb5 Rxa1 20. Rxa1 Qxb5 21. Qxb5 Rxb5 22. Ra6 Nf8 23. Ng5 Ng4 24. Ra2 e5 25. e4 d4 26. Bd2 c4 27. f3 Rb3 28. Nf1 Nf6 29. Bc1 h6 30. Nh3 N6d7 31. f4 Nc5 32. fxe5 Nd3 33. Ra1 Rb7 34. Nd2 c3 35. Nc4 cxb2 36. Bxb2 Rb4 37. Bxd4 Rxc4 38. Bb6 Rxe4 39. Nf2 Nxf2 40. Bxf2 Bxe5 41. Rd1 Ra4 0-1

[Event "RUS-chT B2 corr"]
[Site "Russia"]
[Date "1996.??.??"]
[Round "?"]
[White "Gurianov, Vladimir"]
[Black "Usanov, Vyacheslav Yurievic"]
[Result "0-1"]
[WhiteElo "2267"]
[BlackElo "2414"]
[PlyCount "94"]
[EventDate "1996.??.??"]
[EventType "team-tourn (corr)"]
[EventRounds "18"]
[EventCountry "RUS"]
[SourceTitle "Corr 2011"]
[Source "ChessBase"]
[SourceDate "2010.08.31"]
[SourceVersion "1"]
[SourceVersionDate "2010.08.31"]
[SourceQuality "1"]

1. d4 Nf6 2. c4 e6 3. Nc3 Bb4 4. Qc2 0-0 5. a3 Bxc3+ 6. Qxc3 Qe8 7. Nf3 b6 8. g3 Bb7 9. Bg2 d6 10. 0-0 Nbd7 11. b4 h6 12. h3 Ne4 13. Qc2 f5 14. g4 Rc8 15. Nh4 Ndf6 16. d5 b5 17. dxe6 fxg4 18. e7 Qxe7 19. Ng6 Qe6 20. Nxf8 Rxf8 21. hxg4 Nxg4 22. Bb2 Qg6 23. cxb5 Ngxf2 24. Qb3+ Kh7 25. Qe3 h5 26. Rac1 Rf7 27. a4 h4 28. Rc4 Ng4 29. Qd3 Rxf1+ 30. Kxf1 Qf5+ 31. Bf3 Ng3+ 32. Ke1 Qxd3 33. exd3 Bxf3 34. Rxc7 h3 35. Rxg7+ Kh6 36. Rg8 Nh5 37. Bc1+ Kh7 38. Rxg4 Bxg4 39. Kf2 Bd1 40. a5 Ba4 41. Be3 Bxb5 42. Bxa7 Kg6 43. Bb8 Nf4 44. Kg3 Ne2+ 45. Kxh3 d5 46. Kg4 Bxd3 47. Kf3 Kf5 0-1